| 000 | 01475nam a2200205Ia 4500 | ||
|---|---|---|---|
| 020 | _a9251051070 | ||
| 040 | _cFQG | ||
| 082 | _a639 FOO 2004 A083 Or. | ||
| 245 | 0 | 0 | _aManagement of large pelagic fisheries in CARICOM countries / |
| 260 |
_aRome : _bFood and Agriculture Organization of the United Nations, _cc2004 |
||
| 300 |
_axi, 149 p. : _bill., maps ; _c30 cm |
||
| 490 | 1 | _aFAO fisheries technical paper, | |
| 520 | _aLarge pelagic fish are important to the small-scale, commercial and recreational fisheries in many Caribbean Community countries. As most are transboundary, their management requires collaboration among countries in the context of international fisheries agreements. The FAO Technical Cooperation Programme project described in this report sought to assist CARICOM countries in formulating an approach to the development and management of large pelagic fisheries. The project compiled and reviewed a wide range of material, including status of resources, fishery harvest and post-harvest sectors, status of national and regional management initiatives, and the extent to which countries are engaged in international management activities such as those undertaken by the International Commission for the Conservation of Atlantic Tunas (ICCAT) | ||
| 650 | 0 | _aFishery management | |
| 650 | 0 | _aFisheries | |
| 700 | 1 | _aMahon, Robin | |
| 700 | 1 | _aMcConney, Patrick | |
| 710 | 2 | _aFood and Agriculture Organization of the United Nations | |
| 942 | _cEK | ||
| 999 |
_c16096 _d16096 |
||